00682nam a2200217 i 4500001001000000003000900010005001700019007000300036008004100039020001800080040003000098041000800128082001900136100004800155245004800203264007500251300004500326336002800371337003400399338003100433000026486DO-SdBNP20251219081531.0ta110321s2011 dr a 000 0 spa d a9789945460773 aDO-SdBNPbspacBNPHUerda aspa 4axxxbT629f2221 aTobías Beato, José,d1950-4aut.eautor10aFlete sin destino /cJosé Tobías Beato. aSanto Domingo, República Dominicana : bEditorial Santuario,c2011. a111 páginas :bIlustraciones ;c22 cm. atextobtxt2rdacontent  asin mediación bn2rdamedia avolumen bnc2rdacarrier